Statistics for The Seven Kingdoms of Westeros - Map Quiz

Click here to take the quiz!

General Stats

  • This quiz has been taken 845 times
    (421 since last reset)
  • The average score is 5 of 7

Answers on the Map

Answers color-coded by a green-red scale on the quiz's map according to % correct below.
Loading ...
 

Answer Stats

Answer% Correct
Kingdom of the North
93%
Principality of Dorne
83%
Kingdom of the Isles and Rivers
76%
Kingdom of the Mountain and the Vale
70%
Kingdom of the Reach
70%
Kingdom of the Stormlands
70%
Kingdom of the Rock
64%

Score Distribution

Percentile by Number Answered

Percent of People with Each Score

Your Score History

You have not taken this quiz since the last reset